000 00639nam a2200253Ia 4500
005 20260121154843.0
008 008 260114s9999 xx 000 0 eng d
020 _a9781003052579
037 _aEBOOK
040 _aCRL
040 _beng
040 _cCRL
041 _2eng
041 _aeng
084 _qCRL
100 _a Rona Tutt; Paul Williams
_91012316
245 0 _aHow to Maximise Emotional Wellbeing and Improve Mental Health
260 _bTaylor and Francis
260 _c2021
856 _uhttp://www.taylorfrancis.com/books/9781003052579
942 _cEBOOK
999 _c1579135
_d1579135